World Cup Teams of the Tournament 1930-2022 - Statistics

General Stats
  • This quiz has been taken 46 times
  • The average score is 81 of 264
Answer Stats
Tournament Nation Position Player % Correct
2002 South Korea & Japan Germany Goalkeeper Oliver Kahn
95%
2022 Qatar Argentina Forward Lionel Messi
92%
2018 Russia Croatia Midfielder Luka Modric
89%
2022 Qatar Croatia Midfielder Luka Modric
89%
2018 Russia England Forward Harry Kane
87%
2022 Qatar France Forward Kylian Mbappe
87%
1970 Mexico West Germany Forward Gerd Muller
84%
2010 South Africa Germany Midfielder Thomas Muller
84%
2014 Brazil Germany Forward Thomas Muller
84%
2010 South Africa Germany Goalkeeper Manuel Neuer
79%
2014 Brazil Germany Goalkeeper Manuel Neuer
79%
2014 Brazil Colombia Midfielder James Rodriguez
76%
1998 France Brazil Forward Ronaldo
76%
2002 South Korea & Japan Brazil Forward Ronaldo
76%
2014 Brazil Brazil Defender Thiago Silva
76%
2018 Russia Brazil Defender Thiago Silva
76%
2022 Qatar Morocco Defender Achraf Hakimi
74%
2018 Russia France Forward Antoine Griezmann
74%
2022 Qatar Argentina Midfielder Enzo Fernandez
74%
1986 Mexico Argentina Midfielder Diego Maradona
71%
2018 Russia Belgium Forward Eden Hazard
71%
2002 South Korea & Japan Germany Forward Miroslav Klose
71%
2006 Germany Germany Forward Miroslav Klose
71%
2018 Russia Belgium Goalkeeper Thibaut Courtois
71%
1998 France France Midfielder Zinedine Zidane
71%
2006 Germany France Midfielder Zinedine Zidane
71%
2014 Brazil Netherlands Forward Arjen Robben
68%
2022 Qatar Croatia Defender Josko Gvardiol
68%
2010 South Africa Uruguay Forward Luis Suarez
68%
1958 Sweden Brazil Forward Pele
68%
1970 Mexico Brazil Forward Pele
68%
1998 France Brazil Defender Roberto Carlos
68%
2002 South Korea & Japan Brazil Defender Roberto Carlos
68%
2022 Qatar England Forward Bukayo Saka
66%
2010 South Africa Spain Forward David Villa
66%
1998 France France Goalkeeper Fabien Barthez
63%
2006 Germany Italy Goalkeeper Gianluigi Buffon
63%
2002 South Korea & Japan Brazil Midfielder Ronaldinho
63%
2022 Qatar Morocco Midfielder Sofyan Amrabat
63%
2010 South Africa Spain Defender Carles Puyol
61%
1954 Switzerland Hungary Forward Ferenc Puskas
61%
1986 Mexico France Midfielder Luis Fernandez
61%
2018 Russia France Defender Raphael Varane
61%
1998 France Netherlands Defender Frank de Boer
58%
1974 West Germany Netherlands Forward Johan Cruyff
58%
1998 France France Defender Lilian Thuram
58%
2006 Germany France Defender Lilian Thuram
58%
1982 Spain France Midfielder Michel Platini
58%
1986 Mexico France Midfielder Michel Platini
58%
2006 Germany Germany Defender Philipp Lahm
58%
2010 South Africa Germany Defender Philipp Lahm
58%
2014 Brazil Germany Midfielder Philipp Lahm
58%
1998 France Brazil Midfielder Rivaldo
58%
2002 South Korea & Japan Brazil Midfielder Rivaldo
58%
1994 USA Italy Forward Roberto Baggio
58%
2014 Brazil Germany Midfielder Toni Kroos
58%
1998 France Denmark Forward Brian Laudrup
55%
1998 France Croatia Forward Davor Suker
55%
2022 Qatar Croatia Goalkeeper Dominik Livakovic
55%
2006 Germany Italy Defender Fabio Cannavaro
55%
1998 France France Defender Marcel Desailly
55%
2002 South Korea & Japan Germany Midfielder Michael Ballack
55%
2006 Germany Germany Midfielder Michael Ballack
55%
1998 France Denmark Midfielder Michael Laudrup
55%
2010 South Africa Spain Defender Sergio Ramos
55%
2006 Germany Italy Midfielder Andrea Pirlo
53%
1994 USA Bulgaria Forward Hristo Stoichkov
53%
1994 USA Brazil Forward Romario
53%
2010 South Africa Netherlands Midfielder Wesley Sneijder
53%
1994 USA Brazil Midfielder Dunga
50%
1998 France Brazil Midfielder Dunga
50%
1966 England West Germany Defender Franz Beckenbauer
50%
1970 Mexico West Germany Defender Franz Beckenbauer
50%
1974 West Germany West Germany Defender Franz Beckenbauer
50%
1990 Italy West Germany Midfielder Lothar Matthaus
50%
1994 USA Italy Defender Paolo Maldini
50%
1982 Spain Brazil Forward Socrates
50%
1998 France Netherlands Forward Dennis Bergkamp
47%
2002 South Korea & Japan Spain Defender Fernando Hierro
47%
1958 Sweden Brazil Forward Garrincha
47%
1962 Chile Brazil Forward Garrincha
47%
2002 South Korea & Japan South Korea Defender Hong Myung-bo
47%
2006 Germany England Defender John Terry
47%
2010 South Africa Spain Midfielder Sergio Busquets
47%
1966 England Portugal Forward Eusebio
45%
2006 Germany Italy Forward Francesco Totti
45%
1986 Mexico England Forward Gary Lineker
45%
1994 USA Romania Midfielder Gheorghe Hagi
45%
2006 Germany Germany Goalkeeper Jens Lehmann
45%
1978 Argentina Argentina Forward Mario Kempes
45%
2014 Brazil Germany Defender Mats Hummels
45%
2014 Brazil Brazil Midfielder Oscar
45%
1978 Argentina Italy Forward Paolo Rossi
45%
1982 Spain Italy Forward Paolo Rossi
45%
2006 Germany France Forward Thierry Henry
45%
2018 Russia Colombia Defender Yerry Mina
45%
1966 England England Midfielder Bobby Charlton
42%
1966 England England Defender Bobby Moore
42%
1970 Mexico Brazil Forward Jairzinho
42%
2006 Germany Portugal Midfielder Luis Figo
42%
2022 Qatar Argentina Defender Marcos Acuna
42%
1990 Italy Italy Defender Franco Baresi
39%
2006 Germany Italy Forward Luca Toni
39%
2002 South Korea & Japan England Defender Sol Campbell
39%
1970 Mexico Brazil Defender Carlos Alberto
37%
2006 Germany France Midfielder Patrick Vieira
37%
2006 Germany Italy Midfielder Gennaro Gattuso
34%
1966 England England Goalkeeper Gordon Banks
34%
1998 France Paraguay Goalkeeper Jose Luis Chilavert
34%
2018 Russia Brazil Midfielder Philippe Coutinho
34%
2006 Germany Portugal Defender Ricardo Carvalho
34%
1990 Italy Brazil Goalkeeper Claudio Taffarel
32%
1978 Argentina Argentina Defender Daniel Passarella
32%
1982 Spain Argentina Defender Daniel Passarella
32%
2018 Russia Russia Midfielder Denis Cheryshev
32%
2002 South Korea & Japan Senegal Forward El Hadji Diouf
32%
1986 Mexico Spain Forward Emilio Butragueno
32%
1966 England England Forward Geoff Hurst
32%
2006 Germany Italy Defender Gianluca Zambrotta
32%
1990 Italy West Germany Forward Jurgen Klinsmann
32%
1998 France Netherlands Midfielder Edgar Davids
29%
2010 South Africa Spain Defender Joan Capdevila
29%
1930 Uruguay Argentina Midfielder Luis Monti
29%
1934 Italy Italy Midfielder Luis Monti
29%
2022 Qatar Morocco Defender Romain Saiss
29%
1990 Italy Italy Forward Salvatore Schillaci
29%
1990 Italy Belgium Midfielder Enzo Scifo
26%
1934 Italy Italy Forward Giuseppe Meazza
26%
1938 France Italy Forward Giuseppe Meazza
26%
2006 Germany Argentina Forward Hernan Crespo
26%
2014 Brazil Argentina Defender Marcos Rojo
26%
1990 Italy West Germany Defender Andreas Brehme
24%
2010 South Africa Netherlands Midfielder Mark van Bommel
24%
1994 USA Belgium Goalkeeper Michel Preud'homme
24%
1958 Sweden Brazil Defender Nilton Santos
24%
1958 Sweden France Forward Raymond Kopa
24%
2006 Germany Portugal Goalkeeper Ricardo
24%
1970 Mexico Brazil Forward Roberto Rivellino
24%
1950 Brazil Brazil Forward Ademir
21%
1974 West Germany Netherlands Midfielder Johannes Neeskens
21%
1962 Chile Czechoslovakia Midfielder Josef Masopust
21%
1994 USA Brazil Defender Marcio Santos
21%
2006 Germany Argentina Defender Roberto Ayala
21%
1954 Switzerland Hungary Forward Sandor Kocsis
21%
2014 Brazil Netherlands Defender Stefan de Vrij
21%
1962 Chile Brazil Forward Vava
21%
2006 Germany Brazil Midfielder Ze Roberto
21%
1958 Sweden Brazil Forward Didi
18%
1970 Mexico Brazil Midfielder Gerson
18%
1974 West Germany Poland Forward Grzegorz Lato
18%
1974 West Germany West Germany Defender Berti Vogts
16%
1970 Mexico Italy Defender Giacinto Facchetti
16%
1990 Italy Italy Defender Giuseppe Bergomi
16%
1982 Spain Brazil Defender Junior
16%
1938 France Brazil Forward Leonidas
16%
1982 Spain Brazil Midfielder Paulo Falcao
16%
1978 Argentina Peru Midfielder Teofilo Cubillas
16%
1994 USA Sweden Midfielder Thomas Brolin
16%
1978 Argentina Argentina Goalkeeper Ubaldo Fillol
16%
1982 Spain France Midfielder Alain Giresse
13%
2018 Russia Sweden Defender Andreas Granqvist
13%
1998 France Paraguay Defender Carlos Gamarra
13%
1970 Mexico Brazil Midfielder Clodoaldo
13%
2002 South Korea & Japan Turkey Forward Hasan Sas
13%
1986 Mexico Argentina Midfielder Jorge Burruchaga
13%
1950 Brazil Uruguay Forward Juan Schiaffino
13%
2006 Germany Portugal Midfielder Maniche
13%
1978 Argentina Italy Midfielder Marco Tardelli
13%
1986 Mexico Argentina Defender Oscar Ruggeri
13%
2002 South Korea & Japan Turkey Goalkeeper Rustu Recber
13%
1950 Brazil Uruguay Forward Alcides Ghiggia
11%
1954 Switzerland West Germany Midfielder Friedrich Walter
11%
1982 Spain Italy Defender Gaetano Scirea
11%
1930 Uruguay Argentina Forward Guillermo Stabile
11%
1986 Mexico Belgium Goalkeeper Jean-Marie Pfaff
11%
1990 Italy Brazil Defender Jorginho
11%
1994 USA Brazil Defender Jorginho
11%
1930 Uruguay Uruguay Forward Jose Cea
11%
1950 Brazil Uruguay Midfielder Obdulio Varela
11%
1954 Switzerland Uruguay Midfielder Obdulio Varela
11%
1978 Argentina Netherlands Forward Pieter Rensenbrink
11%
1978 Argentina Netherlands Defender Ruud Krol
11%
1962 Chile Brazil Midfielder Amarildo
8%
1978 Argentina Argentina Midfielder Americo Gallego
8%
1978 Argentina Italy Defender Antonio Cabrini
8%
1930 Uruguay Uruguay Midfielder Jose Andrade
8%
1986 Mexico France Defender Manuel Amoros
8%
1950 Brazil Uruguay Defender Matias Gonzalez
8%
1954 Switzerland Uruguay Defender Victor Andrade
8%
1962 Chile Brazil Defender Zito
8%
1954 Switzerland Hungary Forward Zoltan Czibor
8%
1982 Spain Italy Midfielder Bruno Conti
5%
2002 South Korea & Japan USA Midfielder Claudio Reyna
5%
1962 Chile Brazil Defender Djalma
5%
1938 France Brazil Defender Domingos da Guia
5%
1982 Spain Belgium Defender Eric Gerets
5%
1966 England Hungary Forward Ferenc Bene
5%
1958 Sweden Northern Ireland Goalkeeper Harry Gregg
5%
1958 Sweden Brazil Defender Hilderaldo Bellini
5%
1950 Brazil Brazil Defender Jose Bauer
5%
1930 Uruguay Uruguay Defender Jose Nasazzi
5%
1986 Mexico Brazil Defender Julio Cesar
5%
1962 Chile West Germany Defender Karl-Heinz Schnellinger
5%
1974 West Germany Poland Midfielder Kazimierz Deyna
5%
1994 USA Bulgaria Midfielder Krasimir Balakov
5%
1954 Switzerland Hungary Midfielder Nandor Hidegkuti
5%
1934 Italy Czechoslovakia Forward Oldrich Nejedly
5%
1974 West Germany Netherlands Midfielder Pieter Resenbrink
5%
1934 Italy Italy Forward Raimundo Orsi
5%
1990 Italy Italy Midfielder Roberto Donadoni
5%
1974 West Germany Netherlands Defender Wilhelmus Suurbier
5%
1970 Mexico Brazil Defender Wilson Piazza
5%
1950 Brazil Brazil Forward Zizinho
5%
1930 Uruguay Uruguay Forward Agustin Castro
3%
2002 South Korea & Japan Turkey Defender Alpay Ozalan
3%
1950 Brazil Spain Goalkeeper Antoni Ramallets
3%
1974 West Germany Brazil Defender Francisco Marinho
3%
1934 Italy Austria Midfielder Franz Wagner
3%
1990 Italy West Germany Defender Guido Buchwald
3%
1954 Switzerland Hungary Goalkeeper Gyula Grosics
3%
1930 Uruguay Uruguay Forward Hector Scarone
3%
1966 England West Germany Midfielder Helmut Haller
3%
1966 England West Germany Defender Horst-Dieter Hottges
3%
1974 West Germany Poland Goalkeeper Jan Tomaszewski
3%
1954 Switzerland Uruguay Defender Jose Santamaria
3%
1986 Mexico Brazil Defender Josimar
3%
1954 Switzerland Hungary Defender Jozsef Bozsik
3%
1934 Italy Austria Forward Matthias Sindelar
3%
1962 Chile Brazil Defender Mauro
3%
1954 Switzerland Hungary Forward Mihaly Toth
3%
1978 Argentina Brazil Defender Nelinho
3%
1938 France Italy Defender Pietro Rava
3%
1934 Italy Spain Goalkeeper Ricardo Zamora
3%
1982 Spain Soviet Union Goalkeeper Rinat Dasayev
3%
1966 England Argentina Defender Silvio Marzolini
3%
2002 South Korea & Japan South Korea Midfielder Yoo Sang-chul
3%
1950 Brazil Spain Forward Agustin Gainza
0%
1930 Uruguay Uruguay Midfielder Alvaro Gestido
0%
1950 Brazil Spain Midfielder Antonio Puchades
0%
1938 France Sweden Forward Arne Nyberg
0%
1974 West Germany Yugoslavia Midfielder Branko Oblak
0%
1934 Italy Italy Forward Enrique Guaita
0%
1934 Italy Italy Defender Eraldo Monzeglio
0%
1950 Brazil Uruguay Defender Eusebio Tejera
0%
1938 France Czechoslovakia Goalkeeper Frantisek Planicka
0%
1938 France Hungary Forward Gyorgy Sarosi
0%
1958 Sweden West Germany Midfielder Horst Szymaniak
0%
1934 Italy Spain Defender Jacinto Guincoces
0%
1962 Chile Yugoslavia Forward Josip Skoblar
0%
1970 Mexico Uruguay Goalkeeper Ladislao Mazukiewicz
0%
1958 Sweden Sweden Forward Lennart Skoglund
0%
1934 Italy Spain Midfielder Leonardo Cilaurren
0%
1930 Uruguay Argentina Forward Manuel Ferreira
0%
1938 France Italy Midfielder Michele Andreolo
0%
1930 Uruguay Yugoslavia Goalkeeper Milovan Jaksic
0%
1930 Uruguay Yugoslavia Defender Milutin Ivkovic
0%
1958 Sweden Sweden Defender Orvar Bergmark
0%
1938 France Hungary Forward Pal Titkos
0%
1966 England Portugal Forward Simoes
0%
1938 France Italy Midfielder Ugo Locatelli
0%
1962 Chile Soviet Union Midfielder Valery Voronin
0%
1962 Chile Czechoslovakia Goalkeeper Viliam Schrojf
0%
1958 Sweden Soviet Union Midfielder Yuriy Voynov
0%
1938 France Brazil Midfielder Zeze Procopio
0%
No matching quizzes found
Score Distribution
Percent of People with Each Score
Percentile by Number Answered
Your Score History
You have not taken this quiz